El hombre negro frente al cristianismo

Gardado en:
Detalles Bibliográficos
Autor Principal: Tchidimbo, Raimundo María (Author)
Formato: Libro
Idioma:Lingua castelá
Publicado: Madrid Combonianas 1900
Series:Colección Cuadernos Mundo Negro, 3
Subjects:
Tags: Engadir etiqueta
Sen Etiquetas, Sexa o primeiro en etiquetar este rexistro!

MARC

LEADER 00000nam a2200000 a 4500
001 UCL5385
003 CL-VaPUC
008 040312e19000000SP |||||||||||||||||spa|d
082 0 4 |a 230  |b TCH  |2 21 
100 0 |a Tchidimbo, Raimundo María  |e author  |9 483130 
245 1 3 |a El hombre negro frente al cristianismo 
300 |a 119 p 
942 |c BK 
945 |d 20040312 00:00:00  |a vberengu 
260 |a Madrid  |b Combonianas  |c 1900 
650 0 |a Cristianismo  |9 257361 
650 0 |a Iglesia Católica  |9 256114 
583 |a last modification  |c 20040312 00:00:00  |k Rodrigo Vera 
490 0 |a Colección Cuadernos Mundo Negro, 3 
999 |c 307994  |d 307992 
952 |0 0  |1 0  |4 0  |6 230_000000000000000_TCH_1900  |7 0  |8 P  |9 374192  |a BIBTEO  |b BIBTES  |c TEO_FTES  |d 2019-11-21  |i 3385043  |o 230 TCH 1900  |p 3385043  |r 2024-01-18  |w 2019-11-21  |y BK  |k ICR